000 00437nam a2200157Ia 4500
003 GCL
008 140319s9999 xx 000 0 eng d
040 _aGCL /
_cGCL
082 0 4 _a306.3
_bL T
100 1 _aLANDSWG, STEVEN E
245 1 0 _aTHE ARMCHAIR ECONOMIST: ECONOMICS AND EWEYDOY BIFE /
_cLANDSWG, STEVEN E
260 _a[S.N] :
_bTHE FREE PRESS ،
_c1993
650 0 4 _aECONOMICS
650 0 4 _aSOCIOLGIC ASPECTS
942 _2ddc
_cBK
999 _c23612
_d23612